000
00343nam a22001577a 4500
003
SGT
020
_a
9789385028950
082
_a
410,PRA
100
_a
PRASAD,TARNI
245
_a
A COURSE IN LINGUISTICS
250
_a
3RD
260
_a
NEW DELHI
_b
PHI LEARNING PVT LTD
_c
2017
300
_a
308
650
_a
LANGUAGES
942
_2
ddc
_c
BK
_0
1
999
_c
22502
_d
22502